01434nam a2200217Ia 450000500170000000800410001704000440005804100080010208200120011010000440012224201070016624501020027325002490037526000700062430000360069450003880073050500100111850600210112854600230114965000440117220190312143048.0130821s1929 fr frdd 0 fre  aCo-BoUCMbspacSandra YazodSandra Yazo afre04a4432201 aBeaujean, A. d1821-1888.q(Amédée)00aDiccionario de la lengua francesa, bCompendiado del Diccionario de E. Littrécpor A. Beaujeanyspa10aDictionnaire de la Langue FrancaisebAbrégé du Dictionnaire de É. Littrécpar A. Beaujean aSeizième édition conforme pour l’ortographe a la dernière édition du Dictionnaire de l’ Académie Française [Decima sexta edición, con ortografía concordante con la última edición del Diccionario de la Academia Francesa] aParís (Francia)bLibrairie Hachette [Librería Hachette]c1929 axi, 1295 páginasc24 x 16 cm. aDetalles físicos: Encuadernación rígida en cartón forrado en tela texturizada. Lomo con adornos en dorado. Tapas con rectángulos repujados. Guardas. Hoja de cortesía. Anteportada. Portada impresa en una sola tinta. Texto impreso en dos columnas, separadas por una línea vertical. Con diversos tipos y tamaños de letra. Ejemplar con suciedad en cantos, cortes y tapas.2 aA - Z aConsulta en sala aTexto en francés 7aFrancésvDiccionarios y enciclopedias